[Event "Stay Safe Play From Home 231"]
[Site "Emanuel Lasker Arena"]
[Date "2020.06.16"]
[Round "2"]
[White "Tunca"]
[Black "Timbre"]
[Result "0-1"]
[WhiteElo "1785"]
[BlackElo "1647"]
[Annotator "NA RC"]
[PlyCount "58"]
[EventDate "2020.06.16"]
[EventType "swiss (blitz)"]

1. e4 {[%emt 0:00:01]} c6 {[%emt 0:00:02]} 2. d4 {[%emt 0:00:01]} d5 {[%emt 0:00:01]} 3. Nc3 {[%emt 0:00:00]} dxe4 {[%emt 0:00:01]} 4. Nxe4 {[%emt 0:00:00]} Bf5 {[%emt 0:00:02]} 5. Ng3 {[%emt 0:00:00]} Bg6 {[%emt 0:00:01]} 6. Nf3 {[%emt 0:00:00]} Nd7 {[%emt 0:00:03]} 7. h4 {[%emt 0:00:00]} h6 {[%emt 0:00:01]} 8. h5 {[%emt 0:00:00]} Bh7 {[%emt 0:00:01]} 9. Bd3 {[%emt 0:00:00]} Bxd3 {[%emt 0:00:02]} 10. Qxd3 {[%emt 0:00:00]} Ngf6 {[%emt 0:00:02]} 11. Bd2 {[%emt 0:00:00]} Qc7 {[%emt 0:00:02]} 12. O-O-O {[%emt 0:00:00]} e6 {[%emt 0:00:01]} 13. Kb1 {[%emt 0:00:01]} Bd6 {[%emt 0:00:03]} 14. Ne4 {[%emt 0:00:00]} Nxe4 {[%emt 0:00:01]} 15. Qxe4 {[%emt 0:00:00]} Nf6 {[%emt 0:00:01]} 16. Qe2 {[%emt 0:00:00]} O-O-O {[%emt 0:00:01]} 17. c4 {[%emt 0:00:02]} c5 {[%emt 0:00:05]} 18. Bc3 {[%emt 0:00:07]} cxd4 {[%emt 0:00:02]} 19. Nxd4 {[%emt 0:00:00]} a6 {[%emt 0:00:11]} 20. Nb3 {[%emt 0:00:31]} Be7 {[%emt 0:00:06]} 21. Ba5 {[%emt 0:00:08]} Rxd1+ {[%emt 0:00:04]} 22. Rxd1 {[%emt 0:00:00]} Qc6 {[%emt 0:00:05]} 23. Qe5 {[%emt 0:00:20]} Bd8 {[%emt 0:00:09]} 24. Nd4 {[%emt 0:00:44]} Qe4+ {[%emt 0:00:12]} 25. Qxe4 {[%emt 0:00:08]} Nxe4 {[%emt 0:00:02]} 26. Be1 {[%emt 0:00:24]} Bb6 {[%emt 0:00:11]} 27. f3 {[%emt 0:00:03]} Nf6 {[%emt 0:00:04]} 28. g4 {[%emt 0:00:20]} Rd8 {[%emt 0:00:03]} 29. Bc3 {[%emt 0:00:06]} e5 {[%emt 0:00:04] Tunca resigns (Lag: Av=0.49s, max=1.2s)} 0-1

[Event "Stay Safe Play From Home 231"]
[Site "Emanuel Lasker Arena"]
[Date "2020.06.16"]
[Round "2"]
[White "Souchov"]
[Black "Indianquant"]
[Result "0-1"]
[WhiteElo "1775"]
[BlackElo "2325"]
[Annotator "TA"]
[PlyCount "104"]
[EventDate "2020.06.16"]
[EventType "swiss (blitz)"]

{[%evp 12,103,41,0,0,0,24,22,42,37,51,45,59,56,88,77,87,61,110,101,107,85,101,106,125,66,79,63,76,63,129,65,62,65,97,54,75,-22,-26,-25,0,0,0,-80,-70,-81,-81,-102,-135,-109,-105,-118,-25,-91,-77,-89,-89,-238,-218,-324,-333,-441,-436,-442,-440,-453,-191,-464,-439,-432,-312,-377,-320,-311,-321,-756,-443,-1035,-1028,-29945,-12828,-29988,-29989,-29992,-29993,-29995,-29996,-29996,-29997,-29997,-29998,-29998,-29999,-29999]} 1. e4 c5 2. Nf3 d6 3. d4 cxd4 4. Nxd4 Nf6 5. Nc3 a6 6. Bg5 e6 7. f3 h6 {B95: Sicilian Najdorf: 6 Bg5 e6, unusual White 7th moves.} 8. Be3 Nc6 9. Qd2 Bd7 {The position is equal.} 10. g4 Rc8 11. h4 b5 {[#]} 12. a3 $146 ({Predecessor:} 12. Rg1 Ne5 13. g5 b4 14. Nd1 Ng8 15. Bxa6 Rc7 16. Qe2 Bc8 17. Bb5+ Bd7 18. f4 {1-0 (29) Skinke,K (2117)-Matuszczyk,P (1921) Rewal 2006}) 12... Be7 13. O-O-O Qc7 14. Be2 Nxd4 15. Bxd4 e5 16. Be3 $1 Be6 17. g5 Nh5 18. Rhg1 (18. gxh6 $16 {Hoping for f4.} gxh6 19. Rhg1 (19. Bxh6 Ng3 $11)) 18... hxg5 19. hxg5 g6 20. Kb1 Rb8 (20... Kf8 $14) 21. Nd5 (21. Rh1 $1 $16) 21... Bxd5 $1 $14 22. Qxd5 Kf8 23. Rh1 {And now f4 would win.} Kg7 24. f4 ({Better is} 24. Rdg1 $16) 24... Nxf4 $11 25. Bxf4 {Black must now prevent Rxh8.} exf4 (25... Rxh1 {looks sharper.} 26. Rxh1 exf4 27. Qd4+ f6 28. Rh4 Qc5) 26. Qd4+ f6 27. Rxh8 (27. Rhf1 $11) 27... Rxh8 $17 28. gxf6+ Bxf6 29. Qxd6 Qxd6 30. Rxd6 $11 {[%mdl 4096] Endgame KRB-KRB} Rh1+ 31. Ka2 {[#]} Rh2 (31... Re1 $1 $17 {[%cal Re1e2]} 32. Bf3 a5) 32. Bd1 (32. Bd3 $1 $11) 32... a5 33. a4 bxa4 34. Ra6 {Loses the game.} (34. Rd7+ $17 Kh6 35. Ka3) 34... Rd2 $19 35. Bg4 (35. Bf3 $142) 35... Rxc2 36. Rxa5 {Now e5 and White clings on.} Rxb2+ 37. Ka3 {If White can now play e5 this consolidates a bit.} Rg2 38. Bd1 {[#]} Rd2 (38... f3 $142 $1 39. Ra7+ (39. Bxf3 Rg3) 39... Kf8 40. Ra8+ Ke7 41. Rxa4 Rg1 42. Bxf3 Rg3) 39. Bg4 $2 (39. Rd5 {was the only chance.} Bd4 40. Bg4) 39... Rd3+ 40. Ka2 {and the idea e5 leaves White hopeful.} Rd4 41. e5 Be7 42. Ra7 Kf7 43. Bd7 $2 (43. Ra6) 43... a3 44. Kb3 (44. Ra6 $142 f3 45. Be6+ Ke8 46. Ra8+ Bd8 47. Bh3) 44... f3 {Threatens to win with ...f2.} 45. e6+ Kf6 {( -> ...f2)} 46. Bb5 Rb4+ {[%mdl 64] Double Attack. Black mates.} 47. Kxa3 Rxb5+ {[%mdl 64] Discovered Attack. KRB-KR} 48. Ka2 f2 49. Ra8 f1=Q {[%csl Gb5][%cal Rf1b1]} 50. Rf8+ Bxf8 {[%csl Gb5][%cal Rf1b1]} 51. e7 Qc4+ 52. Ka1 Qa4# {Accuracy: White = 39%, Black = 69%.} 0-1

[Event "Stay Safe Play From Home 231"]
[Site "Emanuel Lasker Arena"]
[Date "2020.06.16"]
[Round "2"]
[White "Fortesfortunaadiuvat"]
[Black "Lucknow"]
[Result "0-1"]
[WhiteElo "1405"]
[BlackElo "1806"]
[Annotator "NA RC"]
[PlyCount "72"]
[EventDate "2020.06.16"]
[EventType "swiss (blitz)"]

1. e4 {[%emt 0:00:04]} c5 {[%emt 0:00:01]} 2. c4 {[%emt 0:00:03]} d6 {[%emt 0:00:01]} 3. Nc3 {[%emt 0:00:01]} e5 {[%emt 0:00:02]} 4. Nf3 {[%emt 0:00:01]} Nf6 {[%emt 0:00:05]} 5. d3 {[%emt 0:00:01]} Nc6 {[%emt 0:00:01]} 6. Bg5 {[%emt 0:00:01]} Be7 {[%emt 0:00:01]} 7. Bxf6 {[%emt 0:00:04]} Bxf6 {[%emt 0:00:01]} 8. Nd5 {[%emt 0:00:01]} O-O {[%emt 0:00:07]} 9. g3 {[%emt 0:00:01]} Bg4 {[%emt 0:00:03]} 10. Be2 {[%emt 0:00:06]} Qa5+ {[%emt 0:00:20]} 11. Nc3 {[%emt 0:00:08]} Nd4 {[%emt 0:00:16]} 12. h3 {[%emt 0:00:04]} Bh5 {[%emt 0:00:21]} 13. g4 {[%emt 0:00:02]} Bg6 {[%emt 0:00:01]} 14. Qd2 {[%emt 0:00:10]} Nxf3+ {[%emt 0:00:14]} 15. Bxf3 {[%emt 0:00:03]} a6 {[%emt 0:00:01]} 16. Nd5 {[%emt 0:00:02]} Qxd2+ {[%emt 0:00:07]} 17. Kxd2 {[%emt 0:00:00]} Bg5+ {[%emt 0:00:01]} 18. Ke2 {[%emt 0:00:05]} Rab8 {[%emt 0:00:15]} 19. h4 {[%emt 0:00:01]} Bd8 {[%emt 0:00:02]} 20. h5 {[%emt 0:00:03]} b5 {[%emt 0:00:05]} 21. hxg6 {[%emt 0:00:02]} fxg6 {[%emt 0:00:01]} 22. cxb5 {[%emt 0:00:09]} axb5 {[%emt 0:00:03]} 23. b3 {[%emt 0:00:01]} c4 {[%emt 0:00:01]} 24. bxc4 {[%emt 0:00:08]} bxc4 {[%emt 0:00:01]} 25. dxc4 {[%emt 0:00:01]} Rb2+ {[%emt 0:00:01]} 26. Ke3 {[%emt 0:00:04]} Bg5+ {[%emt 0:00:04]} 27. Kd3 {[%emt 0:00:22]} Rxf3+ {[%emt 0:00:19]} 28. Ne3 {[%emt 0:00:08]} Rbxf2 {[%emt 0:00:16]} 29. Rhe1 {[%emt 0:00:01]} Rh2 {[%emt 0:00:06]} 30. a4 {[%emt 0:00:03]} Rhh3 {[%emt 0:00:02]} 31. Kc2 {[%emt 0:00:13]} Rxe3 {[%emt 0:00:02]} 32. Rf1 {[%emt 0:00:08]} Re2+ {[%emt 0:00:03]} 33. Kd1 {[%emt 0:00:01]} Rb2 {[%emt 0:00:03]} 34. Ke1 {[%emt 0:00:16]} Re3+ {[%emt 0:00:08]} 35. Kd1 {[%emt 0:00:02]} Rd3+ {[%emt 0:00:01]} 36. Ke1 {[%emt 0:00:04]} Bh4+ {[%emt 0:00:02] Fortesfortunaadiuvat gibt auf (Lag: Av=0.43s, max=0.7s)} 0-1

[Event "Stay Safe Play From Home 231"]
[Site "Emanuel Lasker Arena"]
[Date "2020.06.16"]
[Round "3"]
[White "Indianquant"]
[Black "Haris kollari 13"]
[Result "1-0"]
[WhiteElo "2326"]
[BlackElo "2010"]
[Annotator "NA"]
[PlyCount "69"]
[EventDate "2020.06.16"]
[EventType "swiss (blitz)"]

1. Nf3 {[%emt 0:00:04]} e6 {[%emt 0:00:01]} 2. c4 {[%emt 0:00:01]} b6 {[%emt 0:00:01]} 3. g3 {[%emt 0:00:01]} Bb7 {[%emt 0:00:01]} 4. Bg2 {[%emt 0:00:00]} g6 {[%emt 0:00:01]} 5. O-O {[%emt 0:00:01]} Bg7 {[%emt 0:00:01]} 6. Nc3 {[%emt 0:00:02]} c5 {[%emt 0:00:01]} 7. d4 {[%emt 0:00:18]} cxd4 {[%emt 0:00:03]} 8. Nb5 {[%emt 0:00:01]} d6 {[%emt 0:00:12]} 9. Nbxd4 {[%emt 0:00:16]} a6 {[%emt 0:00:20]} 10. b3 {[%emt 0:00:01]} e5 {[%emt 0:00:02]} 11. Nc2 {[%emt 0:00:18]} Ne7 {[%emt 0:00:06]} 12. Bb2 {[%emt 0:00:03]} O-O {[%emt 0:00:01]} 13. Qd2 {[%emt 0:00:04]} Nbc6 {[%emt 0:00:01]} 14. Rfd1 {[%emt 0:00:03]} Nc8 {[%emt 0:00:02]} 15. Rac1 {[%emt 0:00:08]} Qe7 {[%emt 0:00:06]} 16. Ba3 {[%emt 0:00:04]} Rd8 {[%emt 0:00:05]} 17. Ne3 {[%emt 0:00:01]} e4 {[%emt 0:00:22]} 18. Nd5 {[%emt 0:00:13]} Qd7 {[%emt 0:00:11]} 19. Ng5 {[%emt 0:00:14]} f5 {[%emt 0:00:01]} 20. Bb2 {[%emt 0:00:03]} Ne5 {[%emt 0:00:08]} 21. f4 {[%emt 0:00:08]} Nf7 {[%emt 0:00:22]} 22. Bxg7 {[%emt 0:00:07]} Bxd5 {[%emt 0:00:10]} 23. Qxd5 {[%emt 0:00:03]} Kxg7 {[%emt 0:00:04]} 24. Ne6+ {[%emt 0:00:08]} Kg8 {[%emt 0:00:05]} 25. Nxd8 {[%emt 0:00:01]} Qxd8 {[%emt 0:00:11]} 26. Qxa8 {[%emt 0:00:02]} b5 {[%emt 0:00:01]} 27. cxb5 {[%emt 0:00:02]} Qb6+ {[%emt 0:00:05]} 28. Kh1 {[%emt 0:00:01]} Qxb5 {[%emt 0:00:07]} 29. Rxc8+ {[%emt 0:00:05]} Kg7 {[%emt 0:00:01]} 30. Rg8+ {[%emt 0:00:00]} Kf6 {[%emt 0:00:02]} 31. Qd5 {[%emt 0:00:06]} Qxe2 {[%emt 0:00:03]} 32. Rf8 {[%emt 0:00:04]} Kg7 {[%emt 0:00:09]} 33. Rxf7+ {[%emt 0:00:23]} Kg8 {[%emt 0:00:01]} 34. Re7+ {[%emt 0:00:05]} Kh8 {[%emt 0:00:03]} 35. Qa8# {[%emt 0:00:01] (Lag: Av=0.65s, max=1.1s)} 1-0

[Event "Stay Safe Play From Home 231"]
[Site "Emanuel Lasker Arena"]
[Date "2020.06.16"]
[Round "3"]
[White "Dukic"]
[Black "Fortesfortunaadiuvat"]
[Result "1-0"]
[WhiteElo "2060"]
[BlackElo "1402"]
[Annotator "TA"]
[PlyCount "41"]
[EventDate "2020.06.16"]
[EventType "swiss (blitz)"]

{[%evp 9,41,27,20,14,15,10,63,66,111,99,102,43,104,100,111,111,168,154,260,228,304,294,818,818,1276,1269,1269,1261,1260,1236,1171,1141,1114,1071]} 1. c4 e5 2. Nc3 c5 3. Nf3 Nc6 4. e3 Nf6 5. d4 cxd4 6. exd4 {A34: Symmetrical English: 2 Nc3, lines with ...d5.} exd4 7. Nxd4 Nxd4 ({Black should try} 7... d5 $11) 8. Qxd4 $14 {White is slightly better.} Be7 9. Be2 O-O 10. Bf4 (10. O-O $16) 10... d6 ({Better is} 10... b6 $1 $14) 11. O-O $36 {[%mdl 2048] [#] White is on the roll.} Bf5 $146 ({Predecessor:} 11... Qd7 12. Rfd1 Rd8 13. Ne4 Nxe4 14. Qxe4 Qf5 15. Qxe7 Be6 16. Bxd6 b6 17. Bg3 Re8 {1-0 (31) Kecskemeti,K (1683)-Supeljak,J Kragujevac 2011}) 12. Rad1 Bg6 (12... Re8 $16 13. Rfe1 (13. Bxd6 Ne4 $16) 13... Bd7) 13. Bf3 Rb8 (13... Bh5 $16) 14. Qxa7 Qc7 15. b3 Nh5 $2 {[#]} (15... Qc8 16. Rfe1 Re8) 16. Nd5 $18 {White is clearly winning.} Qc5 17. Nxe7+ Kh8 18. Qxc5 dxc5 19. Bxb8 Rxb8 20. Nxg6+ hxg6 21. Rd7 {Accuracy: White = 86%, Black = 15%.} 1-0

[Event "Stay Safe Play From Home 231"]
[Site "Emanuel Lasker Arena"]
[Date "2020.06.16"]
[Round "3"]
[White "Lazieri3"]
[Black "Weltszmerc"]
[Result "1-0"]
[WhiteElo "2051"]
[BlackElo "2137"]
[Annotator "TA"]
[PlyCount "89"]
[EventDate "2020.06.16"]
[EventType "swiss (blitz)"]

{[%evp 9,88,-9,-2,-6,-7,-12,-6,-24,-20,-23,-15,-26,-28,-37,-45,-58,-41,-62,-54,-72,-72,-113,0,-138,-56,-59,-58,-89,-57,-45,-9,-10,-14,-18,-9,-42,-35,-39,-33,-54,-55,-37,-23,-34,0,-19,0,0,117,79,116,114,114,105,172,199,188,188,234,148,287,272,581,570,513,401,387,372,348,309,606,0,0,0,597,593,29996,29997,29998,29999,29999]} 1. e4 Nf6 2. Nc3 d5 3. exd5 Nxd5 4. Nxd5 Qxd5 5. Qf3 c6 6. Qxd5 {B02: Alekhine's Defence: Chase Variation and lines with early Nc3.} cxd5 7. d4 Bf5 8. Bb5+ {The position is equal.} Nc6 9. c3 e6 10. Bf4 a6 $36 {[%mdl 2048] Black is pushing.} 11. Ba4 {[#]} b5 $146 ({Predecessor:} 11... Be7 12. Kd2 O-O 13. f3 b5 14. Bc2 Bxc2 15. Kxc2 Rfc8 16. Ne2 Na5 17. a3 Nc4 {1-0 (41) Zahorsky,D (2080)-Pales,D (2058) Slovakia 2011}) 12. Bb3 Na5 13. Nf3 Rc8 14. Kd2 Be7 15. Ne5 O-O ({Black should play} 15... f6 $17 16. Nd3 Nc4+ 17. Bxc4 dxc4) 16. Bc2 (16. g4 $1 $11 {remains equal.} Be4 17. f3) 16... Bxc2 (16... g5 $17 {White must now prevent ...Bxc2.} 17. Be3 f6) 17. Kxc2 $15 b4 18. Rhc1 bxc3 19. bxc3 Nc4 20. Nxc4 Rxc4 21. Kd3 Rfc8 22. Rc2 f6 23. Rb1 {[#]} e5 $1 {[%mdl 512]} 24. Be3 (24. dxe5 Rxf4) 24... e4+ 25. Kd2 Kf7 26. Rb6 Ra4 27. Bf4 Ra5 28. Bd6 Bd8 (28... Bxd6 $11 {keeps the balance.} 29. Rxd6 Rc7) 29. Rb7+ $16 Ke6 30. Bb4 Rb5 31. Rxg7 Bc7 (31... Rc7 $16 {might work better.} 32. Rg8 Rd7) 32. Rxh7 Bf4+ 33. Kd1 Rc4 34. g4 {[%csl Gb4][%cal Rh7e7] [#]} f5 (34... Rc7 $16 35. Rh5 a5) 35. gxf5+ $18 Kxf5 $2 (35... Kf6 36. a4 Rb6) 36. Rf7+ Kg5 37. h3 Bb8 38. a4 Rb6 39. a5 Rb5 $2 (39... Rg6 40. Rd7 Kf6 41. Rxd5 Rg1+ 42. Ke2 Rb1) 40. Kd2 Bf4+ 41. Kd1 Bb8 $1 42. f3 {Threatening mate with Rg2+.} e3 43. Rg2+ {White mates.} Kh6 44. Bf8+ Kh5 45. Rh7# {Accuracy: White = 80%, Black = 51%.} 1-0

[Event "Stay Safe Play From Home 231"]
[Site "Emanuel Lasker Arena"]
[Date "2020.06.16"]
[Round "3"]
[White "Mehrdadahouran"]
[Black "souchov"]
[Result "1/2-1/2"]
[WhiteElo "1978"]
[BlackElo "1774"]
[Annotator "TA"]
[PlyCount "119"]
[EventDate "2020.06.16"]
[EventType "swiss (blitz)"]

{[%evp 16,119,21,13,22,14,17,6,56,-8,46,47,37,38,33,15,43,-93,-98,-100,-82,-55,-8,-14,-14,-89,41,34,88,81,243,243,243,39,68,58,281,288,266,269,257,262,1281,298,562,222,786,373,1175,1511,1375,1397,1186,425,426,422,526,511,469,406,458,452,434,429,831,715,683,-75,-75,-110,-39,-68,0,0,0,0,7,0,8,0,0,0,0,0,0,0,0,0,0,0,0,0,0,0,0,0,0,0,0,0,0,0,0,0,8,8]} 1. d4 Nf6 2. c4 g6 3. Nc3 Bg7 4. e4 d6 5. f3 O-O 6. Be3 Nbd7 7. Qd2 a6 8. g4 c5 9. Nge2 b5 {E81: King's Indian: Sämisch: 6th move deviations (including 6 Be3 c6).} 10. cxb5 axb5 11. Nxb5 Ba6 {[#]} 12. Nbc3 $146 (12. Nec3 $14) ({Predecessor:} 12. Nec3 Qa5 13. a4 Rfb8 14. Ra3 Ne8 15. Be2 Qb4 16. dxc5 Nxc5 17. Kf2 Bxb5 18. Bxb5 {1-0 (71) Vardan,N (2343)-Banikas,H (2603) Chania 2019}) 12... cxd4 (12... Qa5 $11) 13. Nxd4 $14 Bxf1 14. Rxf1 Ne5 15. Qe2 d5 16. exd5 (16. g5 $14 {stays ahead.} dxe4 17. gxf6 Nd3+ 18. Kd2 exf6 19. fxe4 Nxb2 20. Ke1) 16... Nxd5 $17 17. Nxd5 Qxd5 18. b3 Rfd8 {[%mdl 1024] Black wants to play ...Bh6! Black has compensation.} 19. Rd1 $1 Qa5+ 20. Rd2 {[#]} (20. Kf2 $11) 20... Rac8 ({Black should play} 20... Nxg4 $1 $17 {[%mdl 512]} 21. Nc6 {[%mdl 64] Double Attack} (21. fxg4 Bxd4) 21... Rxd2 22. Bxd2 Qc5) 21. Kf2 $14 Qb4 (21... Rd5 $14) 22. Rfd1 $16 {aiming for f4.} Rc3 $2 (22... Qb8 $16) 23. Nc2 Rxd2 24. Rxd2 $2 (24. Nxb4 $18 Rxe2+ 25. Kxe2) 24... Qb8 25. Ne1 Nxg4+ $2 (25... h5 $14) 26. fxg4 $18 Qxh2+ 27. Ng2 (27. Kf1 Qh3+ 28. Ng2 Be5 $16) 27... Be5 28. Qf3 Rc1 $2 (28... Kg7 29. g5 f5) 29. Ke2 $2 (29. Rd8+ Kg7 30. Bxc1) 29... Qh1 $2 (29... Kg7 {was worth a try.} 30. Kd3 Ba1) 30. a4 $2 (30. Rd8+ Kg7 31. Bxc1 Qxc1 32. Ne3) 30... f6 $2 (30... Rb1 31. a5 Ra1) 31. a5 (31. Rd8+ $142 Kg7 32. Bxc1 Qxc1 33. Qd5) 31... Bc3 $2 (31... Ra1 32. Bc5 Rxa5) 32. Rd8+ {[%mdl 64] Discovered Attack} Kg7 33. Bxc1 Qxc1 34. Qd3 (34. Qb7 $142 Kh6 35. a6) 34... Bxa5 35. Rd7 Qb2+ 36. Kf3 Bb4 37. Ne3 Qc1 38. Qf1 Qc6+ 39. Rd5 e6 {[#]} (39... Qa8 $142 40. Qb5 Bd6) 40. Qc4 $1 {[%mdl 512]} Qxc4 41. bxc4 $2 ({White has to play} 41. Rd7+ $18 Kf8 42. Nxc4) 41... exd5 $17 42. Nxd5 $18 {[%mdl 4096] Endgame [#] KB-KN} Bc5 (42... Bd6 $1 $17 43. Ne3 Kf7) 43. Ke4 $15 h5 ({Black should try} 43... Kf7 $15 44. Nc7 Bb6) 44. gxh5 $11 {The position is equal.} gxh5 45. Nf4 {Strongly threatening Ne6+.} Kh6 46. Kf5 Bd4 47. Ne2 Be3 48. Nc3 h4 49. Kg4 {[#]} f5+ $1 {[%mdl 512]} 50. Kxh4 (50. Kxf5 Kh5) 50... Kg6 51. Kg3 f4+ 52. Kf3 Kf5 53. Ne2 Ke5 54. Nc3 Kd4 55. Ne2+ Kxc4 56. Nxf4 Bc5 57. Ke4 Kb5 58. Kd5 Bb4 59. Nd3 Be1 60. Nxe1 {Black defended with fortune. Accuracy: White = 71%, Black = 42%.} 1/2-1/2

[Event "Stay Safe Play From Home 231"]
[Site "Emanuel Lasker Arena"]
[Date "2020.06.16"]
[Round "3"]
[White "Don59as"]
[Black "Klasman"]
[Result "1-0"]
[WhiteElo "1948"]
[BlackElo "1620"]
[Annotator "NA"]
[PlyCount "83"]
[EventDate "2020.06.16"]
[EventType "swiss (blitz)"]

1. c4 {[%emt 0:00:06]} f5 {[%emt 0:00:02]} 2. Nc3 {[%emt 0:00:01]} Nf6 {[%emt 0:00:01]} 3. g3 {[%emt 0:00:00]} e6 {[%emt 0:00:01]} 4. Bg2 {[%emt 0:00:00]} c6 {[%emt 0:00:01]} 5. d4 {[%emt 0:00:04]} d5 {[%emt 0:00:02]} 6. cxd5 {[%emt 0:00:01]} cxd5 {[%emt 0:00:01]} 7. Nf3 {[%emt 0:00:00]} Nc6 {[%emt 0:00:02]} 8. Ne5 {[%emt 0:00:01]} Bd6 {[%emt 0:00:01]} 9. f4 {[%emt 0:00:01]} Bxe5 {[%emt 0:00:07]} 10. fxe5 {[%emt 0:00:00]} Ne4 {[%emt 0:00:01]} 11. Nxe4 {[%emt 0:00:02]} dxe4 {[%emt 0:00:05]} 12. e3 {[%emt 0:00:02]} O-O {[%emt 0:00:09]} 13. O-O {[%emt 0:00:01]} Nb4 {[%emt 0:00:01]} 14. Bd2 {[%emt 0:00:02]} Nd3 {[%emt 0:00:01]} 15. Bc3 {[%emt 0:00:01]} Qg5 {[%emt 0:00:03]} 16. Qe2 {[%emt 0:00:09]} h5 {[%emt 0:00:08]} 17. Rad1 {[%emt 0:00:06]} h4 {[%emt 0:00:02]} 18. gxh4 {[%emt 0:00:03]} Qxh4 {[%emt 0:00:03]} 19. Rxd3 {[%emt 0:00:01]} exd3 {[%emt 0:00:02]} 20. Qxd3 {[%emt 0:00:01]} g5 {[%emt 0:00:05]} 21. d5 {[%emt 0:00:02]} Kg7 {[%emt 0:00:12]} 22. d6 {[%emt 0:00:15]} Bd7 {[%emt 0:00:09]} 23. Bxb7 {[%emt 0:00:03]} Rh8 {[%emt 0:00:05]} 24. Rf2 {[%emt 0:00:02]} Rab8 {[%emt 0:00:09]} 25. Bh1 {[%emt 0:00:09]} Bb5 {[%emt 0:00:12]} 26. Qd4 {[%emt 0:00:06]} Qxd4 {[%emt 0:00:16]} 27. exd4 {[%emt 0:00:00]} g4 {[%emt 0:00:17]} 28. d5 {[%emt 0:00:01]} Bd7 {[%emt 0:00:08]} 29. Rxf5 {[%emt 0:00:22]} exf5 {[%emt 0:00:03]} 30. e6+ {[%emt 0:00:01]} Kf8 {[%emt 0:00:05]} 31. Bxh8 {[%emt 0:00:05]} Rb6 {[%emt 0:00:24]} 32. Be5 {[%emt 0:00:08]} Bb5 {[%emt 0:00:11]} 33. d7 {[%emt 0:00:08]} Bxd7 {[%emt 0:00:15]} 34. exd7 {[%emt 0:00:01]} Ke7 {[%emt 0:00:01]} 35. Bd4 {[%emt 0:00:07]} Ra6 {[%emt 0:00:08]} 36. a3 {[%emt 0:00:08]} Kxd7 {[%emt 0:00:01]} 37. Bg2 {[%emt 0:00:04]} Kd6 {[%emt 0:00:01]} 38. Kf2 {[%emt 0:00:06]} Ra4 {[%emt 0:00:04]} 39. Ke3 {[%emt 0:00:13]} f4+ {[%emt 0:00:02]} 40. Ke4 {[%emt 0:00:04]} f3 {[%emt 0:00:01]} 41. Bf1 {[%emt 0:00:01]} Ra6 {[%emt 0:00:06]} 42. Bxa6 {[%emt 0:00:03] Klasman resigns (Lag: Av=0.52s, max=0.9s)} 1-0

[Event "Stay Safe Play From Home 231"]
[Site "Emanuel Lasker Arena"]
[Date "2020.06.16"]
[Round "3"]
[White "Lucknow"]
[Black "Haxhi Baha"]
[Result "1-0"]
[WhiteElo "1809"]
[BlackElo "2052"]
[Annotator "TA"]
[PlyCount "107"]
[EventDate "2020.06.16"]
[EventType "swiss (blitz)"]

{[%evp 12,107,38,33,109,55,56,42,79,50,160,74,77,77,89,79,240,256,462,447,943,887,928,612,612,591,770,762,787,628,922,932,931,915,1088,1064,1054,1001,1081,1081,1082,1072,1046,1026,1103,1095,1093,1064,1271,1260,1231,1200,1542,1578,1539,1543,1481,1451,1383,1337,5931,1979,5331,2864,29978,29979,29981,29982,29977,29978,29986,29982,29985,29986,29989,29989,29989,29990,29991,29989,29990,29988,29988,29989,29989,29989,29989,29988,29988,29989,29991,29992,29992,29993,29994,29995,29996,29997]} 1. d4 d5 2. c4 e5 3. dxe5 d4 4. Nf3 Nc6 5. g3 Nge7 6. Bg2 Ng6 7. O-O Bg4 {D09: Albin Counter Gambit: Main line with 5 g3.} (7... Ngxe5 $14 8. Nxe5 Nxe5) 8. Nbd2 (8. h3 $16 Be6 9. Qb3) 8... Qd7 $14 9. Qa4 O-O-O {White is slightly better.} 10. a3 Bh3 {[#]} (10... Kb8 $14) 11. b4 (11. e6 $142 $1 {[%cal Re6d7]} Bxe6 12. b4) 11... Bxg2 $16 12. Kxg2 Kb8 13. Bb2 {[#] Strongly threatening b5.} h5 $146 {Loses the game.} (13... Qg4 $16) ({Predecessor:} 13... Qg4 14. e3 dxe3 15. fxe3 Ncxe5 16. Bd4 Nc6 17. Rae1 Be7 18. Rf2 h5 19. h3 Qd7 {0-1 (41) Skorpik,M (2140)-Smutny,J (2150) Czechia 2000}) 14. b5 $18 Ncxe5 $2 (14... Nce7 15. Bxd4 b6) 15. Bxd4 {[%mdl 64] [#] Double Attack} Qf5 (15... a5 $142 16. Bxe5 h4 17. gxh4 Nxe5) 16. Qxa7+ Kc8 17. Qa8+ Kd7 18. Qxb7 Bd6 19. Nxe5+ Nxe5 20. Nf3 Rb8 21. Nxe5+ Bxe5 22. Qd5+ {[%mdl 64] Double Attack} Ke7 23. Qxe5+ Qxe5 24. Bxe5 Rb7 25. Rfd1 f6 26. Bc3 h4 27. h3 hxg3 28. fxg3 Ke6 29. Rd3 Kf5 30. Rad1 Re8 31. Kf3 g5 32. g4+ Kg6 33. Rd7 Rh8 34. Kg3 Re8 35. Kf2 Rh8 36. R1d3 Re8 37. Rf3 {[%csl Gc3][%cal Rf3f6]} Re6 38. Re3 {White mates.} Rd6 39. Ree7 Rxd7 40. Rxd7 {[%mdl 4096] Endgame KRB-KR} f5 41. a4 {[%cal Ba3a4,Ba4a5][%mdl 32]} fxg4 42. hxg4 Ra7 43. a5 Ra8 44. Rxc7 Re8 45. Rc5 Re4 46. Kf3 Rf4+ 47. Kg3 Re4 48. Rc6+ Kh7 49. Kf3 Rf4+ 50. Ke3 Rxg4 51. b6 Rg3+ 52. Kd2 Rg4 53. b7 Rf4 54. b8=Q {Accuracy: White = 51%, Black = 16%.} 1-0